Estatísticas para Esporte Clube Vitória

Clique aqui para jogar o quiz

Estatísticas Gerais

  • Esse quiz foi jogado 50 vezes
  • A pontuação média é 6 de 15

Estatísticas das Respostas

PerguntasRespostas% Correto
Ano de Fundação1899
95%
EstádioBarradão
83%
Time que enfrentou na Final da Copa do Brasil de 2010Santos
73%
Quantidade de títulos da competição da questão anterior5
60%
Competição em que é recordista de TítulosCopa do Nordeste
58%
Quantidade de Títulos Baianos28
55%
Ano que criou seu departamento de futebol1901
40%
Maior goleada aplicada no Bahia em finais de campeonato7x3
38%
Cores do primeiro uniformepreto e branco
33%
Ano de seu primeiro Tricampeonato Baiano1997
28%
Ano de seu primeiro Tetracampeonato Baiano2005
28%
Time que venceu na Final da Copa do Brasil Sub-20 de 2012Atlético/MG
23%
Irmãos Fundadores do ClubeArtur e Artêmio Valente
5%
Times que eliminou no quadrangular semifinal do Brasileiro de 93Santos, Flamengo e Corinthians
3%
Atletas revelados pelo clube campeões Mundias com a seleçãoDida, Vampeta, Júnior e Bebeto
0%

Distribuição das Pontuações

Percentil de Números Respondidos

Porcentagem de Pessoas com Cada Pontuação

Sua Pontuação Histórica

Você não jogou esse quiz